100 ý tưởng PR tuyệt hay : Từ những công ty hàng đầu trên khắp thế giới = 100 great PR ideas
Phân tích tầm quan trọng của 100 ý tưởng PR (quan hệ công chúng) đối với hoạt động của doanh nghiệp và hướng dẫn cụ thể nội dung thực hiện các ý tưởng đó
Guardado en:
| Autor principal: | |
|---|---|
| Formato: | Libro |
| Lenguaje: | Undetermined |
| Publicado: |
Thành phố Hồ Chí Minh
Trẻ
2014
|
| Materias: | |
| Etiquetas: |
Agregar Etiqueta
Sin Etiquetas, Sea el primero en etiquetar este registro!
|
| Thư viện lưu trữ: | Trung tâm Học liệu Trường Đại học Cần Thơ |
|---|
| LEADER | 00956nam a2200217Ia 4500 | ||
|---|---|---|---|
| 001 | CTU_188730 | ||
| 008 | 210402s9999 xx 000 0 und d | ||
| 020 | |c 80000 | ||
| 082 | |a 659.2 | ||
| 082 | |b B661 | ||
| 100 | |a Blythe, Jim | ||
| 245 | 0 | |a 100 ý tưởng PR tuyệt hay : | |
| 245 | 0 | |b Từ những công ty hàng đầu trên khắp thế giới = 100 great PR ideas | |
| 245 | 0 | |c Jim Blythe ; Mạc Tú Anh, Hoàng Dương (dịch) | |
| 260 | |a Thành phố Hồ Chí Minh | ||
| 260 | |b Trẻ | ||
| 260 | |c 2014 | ||
| 520 | |a Phân tích tầm quan trọng của 100 ý tưởng PR (quan hệ công chúng) đối với hoạt động của doanh nghiệp và hướng dẫn cụ thể nội dung thực hiện các ý tưởng đó | ||
| 650 | |a Public relations,Quan hệ công chúng | ||
| 910 | |a Hải | ||
| 980 | |a Trung tâm Học liệu Trường Đại học Cần Thơ | ||